Top contributors to the UN budget - Statistics

General Stats
  • This quiz has been taken 131 times
  • The average score is 10 of 11
Answer Stats
No. Percentage $ million Country % Correct
1 22.000% 818 United States
100%
4 5.692% 210 Germany
98%
6 3.858% 124 France
97%
2 20.004% 744 China
96%
5 3.991% 128 United Kingdom
96%
3 6.930% 240 Japan
95%
7 2.813% 104 Italy
94%
8 2.543% 95 Canada
91%
10 2.094% 78 Russia
91%
11 1.106% 44 India
84%
9 2.349% 87 South Korea
80%
No matching quizzes found
Score Distribution
Percent of People with Each Score
Percentile by Number Answered
Your Score History
You have not taken this quiz